Trh cenných papierov

Salvato in:
Dettagli Bibliografici
Autore principale: Kohút, Jozef
Natura: Libro
Lingua:slovacco
Pubblicazione: Bratislava Epos 1994
Edizione:1. vyd.
Soggetti:
Tags: Aggiungi Tag
Nessun Tag, puoi essere il primo ad aggiungerne!!

MARC

LEADER 00000nam a2200000 4500
001 c005732
005 20221214075512.2
020 |a 80-85703-78-5 
041 0 |a slo 
044 |a SK 
245 1 0 |a Trh cenných papierov  |c Jozef Kohút a kol. 
250 |a 1. vyd. 
264 1 |a Bratislava  |b Epos  |c 1994 
300 |a 268 s. 
610 2 0 |a papiere cenné 
610 2 0 |a trh finančný 
610 2 0 |a trh kapitálový 
610 2 0 |a burzy 
610 2 0 |a zákony 
610 2 0 |a zmenky 
610 2 0 |a šeky 
610 2 0 |a RM-Systém Slovakia 
100 1 |a Kohút, Jozef